Health at a Glance 2019 OECD Indicators

Salvato in:
Dettagli Bibliografici
Natura: Libro
Lingua:inglese
Pubblicazione: Paris OECD 2019
Serie:Health at a Glance
Soggetti:
Tags: Aggiungi Tag
Nessun Tag, puoi essere il primo ad aggiungerne!!

MARC

LEADER 00000nam a2200000 4500
001 0274771
005 20221220064529.7
020 |a 978-92-64-38208-4 
041 0 |a eng 
044 |a FR 
245 1 0 |a Health at a Glance 2019  |b OECD Indicators 
264 1 |a Paris  |b OECD  |c 2019 
300 |a 239 s. 
490 1 |a Health at a Glance 
830 0 |a Health at a Glance 
610 2 0 |a zdravotníctvo 
610 2 0 |a starostlivosť zdravotná 
610 2 0 |a zdravie 
610 2 0 |a kvalita 
610 2 0 |a meranie 
610 2 0 |a výdavky 
610 2 0 |a sily pracovné 
610 2 0 |a farmakológia 
610 2 0 |a starnutie populácie 
610 2 0 |a ukazovatele 
610 2 0 |a porovnanie štatistické medzinárodné